| 000 | 00632nai a2200205Ia 4500 | ||
|---|---|---|---|
| 003 | IN-BaIIA | ||
| 008 | 211028c9999 xx s 000 0 eng d | ||
| 022 | _a0143005X (Print) | ||
| 022 | _a14702738 (Online) | ||
| 040 | _cIIA Library | ||
| 245 | 0 |
_aJournal of Epidemiology and Community Health (1979-) _h[eJournal] |
|
| 260 |
_aLondon _bBMJ |
||
| 310 | _aMonthly | ||
| 362 | _a33(2); 1979 - 70(12); 2016 | ||
| 521 | _bSubscribed through IIA Library | ||
| 650 | _a Medicine & Allied Health | ||
| 650 | _aHealth Sciences | ||
| 856 |
_uhttps://www.jstor.org/journal/jepidcommheal _yClick Here to Access eJournal |
||
| 942 | _cEJ | ||
| 999 |
_c35050 _d35050 |
||